00555nam a22001697a 450000500170000001000170001702000260003403500140006003700130007408200080008710000160009524500810011126000480019227000680024030000270030850000500033520230529142837.0 aENG-119694  c449.00a9788192306421 aEN-103226 bDBAD/PUB a921 aPawan Kumar aSri Sri Ravi Shankar ji :b his art of living :a biography /cby Pawan Kumar aNew DelhibOrange Books Internationalc2012 a113A, Praksha Scout, Ansari Road, Daryaganj,bNew Delhie110002 aviii,256p. c24cm(pbk) aIncludes bibliographical references and index